| 000 | 00435nam a2200157Ia 4500 | ||
|---|---|---|---|
| 008 | 210716s1997 xx 000 0 und d | ||
| 020 | _a0256138990 | ||
| 041 | _aeng | ||
| 082 | _a658.5 VOLT | ||
| 100 | _aVollmann, Thomas E;Berry, William L;Whybark, D Clay. | ||
| 245 | _aManufacturing planning and control systems. | ||
| 250 | _a4 | ||
| 260 |
_aNew York _bMcgraw Hill Companies,Inc. _c1997 |
||
| 300 | _axxv,836 | ||
| 650 | _aNone | ||
| 999 |
_c206113 _d206113 |
||